Highest Grossing Movies from Every Year - Statistics

General Stats
  • This quiz has been taken 34 times
    5 since last reset
  • The average score is 31 of 86
Answer Stats
Year Money Made in Box Office Answer % Correct
2009 $2.743 Billion Avatar
100%
2022 $2.320 Billion Avatar: The Way of Water
100%
2019 $2.797 Billion Avengers: Endgame
100%
2018 $2.048 Billion Avengers: Infinity War
100%
2023 $1.445 Billion Barbie
100%
2024 $1.348 Billion Inside Out 2
100%
1993 $914.7 Million Jurassic Park
100%
2021 $1.906 Billion Spider-Man: No Way Home
100%
1977 $221.2 Million Star Wars
100%
2012 $1.518 Billion The Avengers
100%
2016 $1.153 Billion Captain America: Civil War
75%
2013 $1.280 Billion Frozen
75%
2011 $1.341 Billion Harry Potter and the Deathly Hallows – Part 2
75%
1989 $474.1 Million Indiana Jones and the Last Crusade
75%
1975 $133.4 Million Jaws
75%
1981 $212.2 Million Raiders of the Lost Ark
75%
1983 $309.3 Million Return of the Jedi
75%
2015 $2.068 Billion Star Wars: The Force Awakens
75%
2008 $997 Million The Dark Knight
75%
1980 $209.4 Million The Empire Strikes Back
75%
1997 $1.843 Billion Titanic
75%
2010 $1.066 Billion Toy Story 3
75%
1985 $210.6 Million Back to the Future
50%
1939 $18 Million Gone with the Wind
50%
1996 $817.4 Million Independence Day
50%
2000 $546.4 Million Mission: Impossible 2
50%
2007 $961 Million Pirates of the Caribbean: At World's End
50%
2006 $1.066 Billion Pirates of the Caribbean: Dead Man's Chest
50%
2004 $928.7 Million Shrek 2
50%
1999 $924.3 Million Star Wars: Episode I – The Phantom Menace
50%
2017 $1.332 Billion Star Wars: The Last Jedi
50%
1991 $520.9 Million Terminator 2: Judgment Day
50%
2003 $1.140 Billion The Lord of the Rings: The Return of the King
50%
2002 $936.7 Million The Lord of the Rings: The Two Towers
50%
1986 $176.8 Million Top Gun
50%
2014 $1.104 Billion Transformers: Age of Extinction
50%
1992 $504 Million Aladdin
25%
1998 $553.7 Million Armageddon
25%
1959 $36 Million Ben-Hur
25%
1963 $26 Million Cleopatra
25%
1982 $359.2 Million E.T. the Extra-Terrestrial
25%
1990 $505.7 Million Ghost
25%
1978 $159.9 Million Grease
25%
2005 $895.9 Million Harry Potter and the Goblet of Fire
25%
2001 $974.7 Million Harry Potter and the Sorcerer's Stone
25%
1979 $106.2 Million Kramer vs. Kramer
25%
1976 $55.9 Million Rocky
25%
1957 $15 Million The Bridge on the River Kwai
25%
1973 $88.5 Million The Exorcist
25%
1972 $86.3 Million The Godfather
25%
1994 $763.4 Million The Lion King
25%
1953 $17.5 Million The Robe
25%
1965 $72 Million The Sound of Music
25%
1987 $167.7 Million Three Men and a Baby
25%
1984 $234.7 Million Beverly Hills Cop
0%
1940 $3.664 Million Boom Town
0%
1969 $29.2 Million Butch Cassidy and the Sundance Kid
0%
1955 $10 Million Cinerama Holiday
0%
2020 $506.5 Million Demon Slayer: Kimetsu no Yaiba – The Movie: Mugen Train
0%
1995 $366.1 Million Die Hard with a Vengeance
0%
1971 $40.5 Million Fiddler on the Roof
0%
1968 $24.9 Million Funny Girl
0%
1944 $6.5 Million Going My Way
0%
1966 $15.6 Million Hawaii
0%
1949 $5 Million Jolson Sings Again
0%
1970 $50 Million Love Story
0%
1964 $31 Million Mary Poppins
0%
1942 $5.358 Million Mrs. Miniver
0%
1951 $11.14 Million Quo Vadis
0%
1988 $354.8 Million Rain Man
0%
1950 $9 Million Samson and Delilah
0%
1941 $6.075 Million Sergeant York
0%
1958 $16.3 Million South Pacific
0%
1960 $14 Million Spartacus
0%
1945 $8 Million The Bells of St. Mary's
0%
1946 $10.17 Million The Best Years of Our Lives
0%
1967 $43.1 Million The Graduate
0%
1952 $12.8 Million The Greatest Show on Earth
0%
1962 $17.6 Million The Longest Day
0%
1948 $5 Million The Red Shoes
0%
1956 $34.2 Million The Ten Commandments
0%
1974 $50 Million The Towering Inferno
0%
1943 $8.301 Million This is the Army
0%
1947 $6.1 Million Welcome Stranger
0%
1961 $19.64 Million West Side Story
0%
1954 $12 Million White Christmas
0%
No matching quizzes found
Score Distribution
Percent of People with Each Score
Percentile by Number Answered
Your Score History
You have not taken this quiz since the last reset